<?xml version="1.0" encoding="UTF-8"?><record xmlns="http://www.loc.gov/MARC21/slim" xmlns:zs="http://docs.oasis-open.org/ns/search-ws/sruResponse">
  <leader>01814ctm a22003373a 4500</leader>
  <controlfield tag="001">21403726</controlfield>
  <controlfield tag="005">20250607100827.0</controlfield>
  <controlfield tag="008">950909s1914    xxu           000 d eng  </controlfield>
  <datafield ind1=" " ind2=" " tag="035">
    <subfield code="a">21403726</subfield>
  </datafield>
  <datafield ind1=" " ind2=" " tag="906">
    <subfield code="a">0</subfield>
    <subfield code="b">ibc</subfield>
    <subfield code="c">orignew</subfield>
    <subfield code="d">u</subfield>
    <subfield code="e">ncip</subfield>
    <subfield code="f">20</subfield>
    <subfield code="g">y-genrareb</subfield>
  </datafield>
  <datafield ind1=" " ind2=" " tag="010">
    <subfield code="a">  2018758152</subfield>
  </datafield>
  <datafield ind1=" " ind2=" " tag="017">
    <subfield code="a">D38429</subfield>
    <subfield code="b">U.S. Copyright Office</subfield>
  </datafield>
  <datafield ind1=" " ind2=" " tag="035">
    <subfield code="a">var95-000539</subfield>
  </datafield>
  <datafield ind1=" " ind2=" " tag="040">
    <subfield code="a">DLC</subfield>
    <subfield code="b">eng</subfield>
    <subfield code="c">DLC</subfield>
  </datafield>
  <datafield ind1="1" ind2=" " tag="100">
    <subfield code="a">Hoffman, Aaron,</subfield>
    <subfield code="d">1880-1924.</subfield>
  </datafield>
  <datafield ind1="1" ind2="2" tag="245">
    <subfield code="a">A vaudeville cocktail :</subfield>
    <subfield code="b">Something new under the sun : a monologue. Part 4 /</subfield>
    <subfield code="c">by Aaron Hoffman.</subfield>
  </datafield>
  <datafield ind1=" " ind2="0" tag="264">
    <subfield code="c">1914.</subfield>
  </datafield>
  <datafield ind1=" " ind2=" " tag="300">
    <subfield code="a">1 volume</subfield>
  </datafield>
  <datafield ind1=" " ind2=" " tag="336">
    <subfield code="a">text</subfield>
    <subfield code="b">txt</subfield>
    <subfield code="2">rdacontent</subfield>
  </datafield>
  <datafield ind1=" " ind2=" " tag="337">
    <subfield code="a">unmediated</subfield>
    <subfield code="b">n</subfield>
    <subfield code="2">rdamedia</subfield>
  </datafield>
  <datafield ind1=" " ind2=" " tag="338">
    <subfield code="a">volume</subfield>
    <subfield code="b">nc</subfield>
    <subfield code="2">rdacarrier</subfield>
  </datafield>
  <datafield ind1=" " ind2=" " tag="530">
    <subfield code="a">Also available in digital form on the Library of Congress Web site.</subfield>
  </datafield>
  <datafield ind1=" " ind2=" " tag="653">
    <subfield code="a">music title -- "Anvil Chorus" -- Verdi</subfield>
    <subfield code="a">music -- dissonant</subfield>
    <subfield code="a">theatrical life</subfield>
    <subfield code="a">religion and belief -- psychic powers</subfield>
    <subfield code="a">songs</subfield>
    <subfield code="a">dance</subfield>
    <subfield code="a">music title -- "I Pagliacci" -- excerpts -- Leoncavallo</subfield>
    <subfield code="a">song title -- "William Tell" -- excerpts -- Rossini</subfield>
    <subfield code="a">humor -- riddles</subfield>
    <subfield code="a">animals -- treatment</subfield>
    <subfield code="a">verse</subfield>
    <subfield code="a">humor -- limericks</subfield>
    <subfield code="a">alcohol -- consumption</subfield>
    <subfield code="a">Hammerstein, Oscar</subfield>
    <subfield code="a">New York -- New York City -- Metropolitan Opera House</subfield>
    <subfield code="a">New York -- New York City -- Manhatten Opera House</subfield>
    <subfield code="a">song title -- "Calling Me" -- parody</subfield>
    <subfield code="a">music -- rag-time</subfield>
    <subfield code="a">song title -- "I Think I'll Gazazza"</subfield>
    <subfield code="a">entertainment -- night life -- cabarets</subfield>
    <subfield code="a">Millman, Bird</subfield>
  </datafield>
  <datafield ind1=" " ind2="7" tag="655">
    <subfield code="a">Drama.</subfield>
    <subfield code="2">lcgft</subfield>
  </datafield>
  <datafield ind1=" " ind2="7" tag="655">
    <subfield code="a">Plays.</subfield>
    <subfield code="2">rbgenr</subfield>
  </datafield>
  <datafield ind1="2" ind2=" " tag="710">
    <subfield code="a">Manuscript Plays Collection (Library of Congress)</subfield>
    <subfield code="5">DLC</subfield>
  </datafield>
  <datafield ind1=" " ind2=" " tag="852">
    <subfield code="a">Library of Congress</subfield>
    <subfield code="b">Rare Book and Special Collections Division</subfield>
    <subfield code="e">Washington, DC 20540 USA</subfield>
    <subfield code="n">dcu</subfield>
  </datafield>
  <datafield ind1="4" ind2="1" tag="856">
    <subfield code="d">varsep</subfield>
    <subfield code="f">s38429</subfield>
    <subfield code="u">https://hdl.loc.gov/loc.rbc/varsep.s38429</subfield>
  </datafield>
  <datafield ind1=" " ind2=" " tag="952">
    <subfield code="a">Converted from American Memory Variety Stage pseudomarc</subfield>
  </datafield>
  <datafield ind1=" " ind2=" " tag="985">
    <subfield code="a">rbc/scd</subfield>
  </datafield>
  <datafield ind1=" " ind2=" " tag="985">
    <subfield code="a">rbc/vars/ep</subfield>
  </datafield>
</record>
